From Hispalis to Ishbiliyya : the ancient port of Seville, from the Roman empire to the end of the Islamic period (45 BC-AD 1248) /

This monograph focuses on the history and development of the topography, layout, and facilities of the ancient port of Seville, located in the lower Guadalquivir River Basin, between the 1st century BC and the 13th century AD. Until now, despite its commercial importance, little has been known about...

وصف كامل

محفوظ في:

المؤلف الرئيسي: Cabrera Tejedor, Carlos, 1976- (مؤلف)

التنسيق: كتاب الكتروني

اللغة: English

منشور في: Summertown, Oxford : Archaeopress Publishing Ltd., 2019.

الموضوعات:

الوصول للمادة أونلاين: Login to view Source

الوسوم: إضافة وسم

لا توجد وسوم, كن أول من يضع وسما على هذه التسجيلة!

رقم الطلب: DP402.S41

LEADER 01941nam a2200385 i 4500
001 EDZ0002134253
003 StDuBDS
005 20230412182354.0
006 m|||||o||d||||||||
007 cr |||||||||||
008 190508s2019 enka fob 000|0|eng|d
020 |a 9781789690590 (ebook) :  |c No price 
040 |a StDuBDS  |b eng  |c StDuBDS  |e rda  |e pn 
050 4 |a DP402.S41 
082 0 4 |a 936.686  |2 23 
100 1 |a Cabrera Tejedor, Carlos,  |d 1976-  |e author. 
245 1 0 |a From Hispalis to Ishbiliyya :  |b the ancient port of Seville, from the Roman empire to the end of the Islamic period (45 BC-AD 1248) /  |c Carlos Cabrera Tejedor. 
264 1 |a Summertown, Oxford :  |b Archaeopress Publishing Ltd.,  |c 2019. 
300 |a 1 online resource (xx, 216 pages) :  |b illustrations (black and white, and colour) 
336 |a text  |2 rdacontent 
336 |a still image  |2 rdacontent 
337 |a computer  |2 rdamedia 
338 |a online resource  |2 rdacarrier 
500 |a Also issued in print: 2019. 
504 |a Includes bibliographical references. 
520 8 |a This monograph focuses on the history and development of the topography, layout, and facilities of the ancient port of Seville, located in the lower Guadalquivir River Basin, between the 1st century BC and the 13th century AD. Until now, despite its commercial importance, little has been known about the port's exact position, layout, and facilities. 
521 |a Specialized. 
588 |a Description based on online resource; title from PDF title page (viewed on November 20, 2019). 
651 0 |a Seville (Spain)  |x Antiquities. 
650 0 |a Harbors  |z Spain  |z Seville  |x History. 
776 0 8 |i Print version :  |z 9781789690583 
856 4 0 |3 Archaeopress  |u http://library.arce.org:8087/Archaeopress/Products/9781789690583 
942 |2 lcc  |c EBOOK 
952 |0 0  |1 0  |4 0  |6 DP0402 S41  |7 1  |9 46480  |a ARCH  |b ARCH  |d 2023-04-12  |l 0  |o DP402.S41  |r 2023-04-12 00:00:00  |w 2023-04-12  |y EBOOK 
999 |c 52138  |d 52138